La Seine-Maritime en images - Statistiques

Statistiques générales
  • Ce quiz a été pris 304 fois
  • Le résultat moyen est 11 sur 18
Statistiques - réponses
Par images Hint Réponse % Correct
Préfecture du département Rouen
96%
Sous-préfecture, ville la plus peuplée du département Le Havre
95%
Station balnéaire Étretat
93%
Homme d'État né dans le département François Hollande
93%
Ouvrage d'art Pont de {Normandie}
80%
Homme d'État né dans le département Édouard Philippe
78%
Acteur né dans le département Bourvil
75%
Sous-préfecture Dieppe
74%
Écrivain né dans le département, auteur notamment de Bel-Ami Guy de Maupassant
72%
Région naturelle et pays historique Pays de {Caux}
62%
Monument emblématique de la préfecture Gros-Horloge
61%
Club sportif (football) HAC
60%
Spécialité AOC Neufchâtel
53%
Monument remarquable, le plus haut de France dans sa catégorie Cathédrale Notre-Dame de Rouen
40%
Homme d'État né et mort dans le département René Coty
33%
Parc naturel régional s'étendant sur 45 communes du département {Boucles} de la Seine normande
26%
"Juliobona", ancienne cité marchande gallo-romaine Lillebonne
22%
Monument emblématique de la reconstruction de l'après-guerre Église Saint-Joseph
18%
Aucun quiz correspondant
Distribution des résultats
% des personnes avec chaque résultat
Percentile par nombre de réponses
Votre historique - résultats
Vous n’avez pas pris ce quiz